Вычислительные системы. [Секция 3] (Запись № 8668756)

Подробности
000 -МАРКЕР
контрольное поле 01408nam2a22002411 4500
001 - ИДЕНТИФИКАТОР ЗАПИСИ
контрольное поле rc\4468585
005 - ИДЕНТИФИКАТОР ВЕРСИИ
контрольное поле 20130416164626.7
035 ## - ДРУГИЕ СИСТЕМНЫЕ НОМЕРА
Идентификатор записи (NLR Aleph) 008595185
100 ## - ДАННЫЕ ОБЩЕЙ ОБРАБОТКИ
Данные общей обработки 20130416g19681969|||y0rusy50 ca
101 0# - ЯЗЫК РЕСУРСА
Язык текста, звукозаписи и т.д. русский
102 ## - СТРАНА ПУБЛИКАЦИИ ИЛИ ПРОИЗВОДСТВА
Страна публикации Российская Федерация
105 ## - ПОЛЕ КОДИРОВАННЫХ ДАННЫХ: ТЕКСТОВЫЕ МАТЕРИАЛЫ, МОНОГРАФИЧЕСКИЕ
Кодированные данные о монографическом текстовом документе y z |||||
200 0# - ЗАГЛАВИЕ И СВЕДЕНИЯ ОБ ОТВЕТСТВЕННОСТИ
Основное заглавие [Секция 3]
Первые сведения об ответственности Науч. ред. канд. техн. наук Н.Г. Загоруйко
210 ## - ПУБЛИКАЦИЯ, РАСПРОСТРАНЕНИЕ И ДР.
Дата издания, распространения и т.д. 1968 [обл. 1969]
215 ## - ФИЗИЧЕСКАЯ ХАРАКТЕРИСТИКА
Специфическое обозначение материала и объем 100 с.
461 #0 - УРОВЕНЬ НАБОРА
Встроенное поле 001rc\4468582
-- 2001#$aВычислительные системы$eМатериалы ко II Всесоюз. конференции по однородным вычислит. системам и средам, г. Москва$f[Ред. коллегия: ...Э.В. Евреинов (гл. ред.) и др.$gАН СССР. Сиб. отд-ние. Ин-т математики. Секция I]-$v[Секция 3]
Системный номер (АБИС) связанной записи 8668739
Место публикации Новосибирск
Дата публикации 1968-
Первые сведения об ответственности [Ред. коллегия: ...Э.В. Евреинов (гл. ред.) и др.
Имя издателя, распространителя и т.д. Б. и.
Сведения, относящиеся к заглавию Материалы ко II Всесоюз. конференции по однородным вычислит. системам и средам, г. Москва
Заглавие Вычислительные системы
Номер тома [Секция 3]
702 #1 - ИМЯ ЛИЦА - ВТОРИЧНАЯ ОТВЕТСТВЕННОСТЬ
Начальный элемент ввода Загоруйко
Часть имени, кроме начального элемента ввода Н. Г.
Код отношения Редактор
801 #0 - ИСТОЧНИК ЗАПИСИ
Страна Российская Федерация
Организация NLR
Правила каталогизации psbo
801 #1 - ИСТОЧНИК ЗАПИСИ
Страна Российская Федерация
Организация ELAR
Источник данных rusmarc
852 ## - МЕСТОНАХОЖДЕНИЕ И ШИФР ХРАНЕНИЯ
Идентификатор организации NLR
Шифр хранения (Call Number) 69-4/31397
942 ## - ДОПОЛНИТЕЛЬНЫЕ ЭЛЕМЕНТЫ ЗАПИСИ (АБИС)
Тип экземпляра АБИС Книга
980 ## - КОЛЛЕКЦИЯ
Название коллекции Национальная библиография
Экземпляры
Тип экземпляра Дата поступления Библиотека постоянного хранения Библиотека текущего хранения Место хранения Шифр хранения Штрих-код Статус экземпляра
Книга 26.10.2013 РНБ (Московский) РНБ (Московский) Русский книжный фонд: издания с 1957 года 69-4/31397 8595185-10